|
|
|
|
| LEADER |
00802nam a2200277 4500 |
| 001 |
DLU090074530 |
| 005 |
##20090512 |
| 040 |
# |
# |
|a DLU
|b vie
|
| 041 |
# |
# |
|a vie
|
| 044 |
# |
# |
|a vn
|
| 100 |
# |
# |
|a Arsenio Manuel, E.
|
| 245 |
# |
# |
|a Anh hùng ca văn học và văn học Philipin /
|c E. Arsenio Manuel, Trương Duy Hoà dich.
|
| 653 |
# |
# |
|a Anh hùng ca
|
| 653 |
# |
# |
|a Philipin
|
| 653 |
# |
# |
|a Tính dân tộc
|
| 700 |
# |
# |
|a Trương Duy Hoà,
|e dich.
|
| 773 |
# |
# |
|t Tạp chí văn học
|g Số 4, 1984, tr.60-64
|
| 920 |
# |
# |
|a Phòng Tạp chí -- Trung tâm Thông tin - Thư viện Trường Đại học Đà Lạt
|
| 994 |
# |
# |
|a DLU
|
| 900 |
# |
# |
|a True
|
| 911 |
# |
# |
|a Nguyễn Thị Linh Chi
|
| 925 |
# |
# |
|a G
|
| 926 |
# |
# |
|a A
|
| 927 |
# |
# |
|a BB
|
| 980 |
# |
# |
|a Thư viện Trường Đại học Đà Lạt
|